000 00815cab a2200241 4500
001 ABS40267
008 090401t1989 xxu||||| |||| 00| 0 eng d
035 _a(Sirsi) u22663
041 _aeng
100 _aBoyle, R.
245 _aMissing links with states experience
260 _c1989
350 _a0
490 _aPlanning (for the Natural and Built Environment)
_v(801) 13 January 1989, 16-17(2)
520 _aConsiders the extent to which planning experience in the USA in securing community gain from major commercial development is capable of translation into the British situation. (Journal abstract).
650 _aCALIFORNIA
650 _aPLANNING CONTROL
650 _aPLANNING GAIN
650 _aSAN FRANCISCO
690 _aPLANNING LAW AND PRACTICE
942 _n0
948 _c04/03/1997
999 _c15192
_d15192